000 00617cam a22002053a 4500
001 45076
003 PGUSA
005 20140828084030.0
008 140308s2014||||xxu|||||s|||||000 | eng d
040 _aPGUSA
_beng
042 _adc
100 1 _aBromet, William
245 1 0 _aPeregrine in France :
_bA Lounger's Journal, in Familiar Letters to his Friend
_h[electronic resource] /
_cWilliam Bromet
260 _bProject Gutenberg,
_c2014
506 _aPublic domain in the USA.
516 _aElectronic text
830 0 _aProject Gutenberg
_v45076
856 4 0 _uhttp://www.gutenberg.org/ebooks/45076
942 _cEB
999 _c274327
_d274327